Регионална библиотека "Любен Каравелов" - Русе

География на България - природна и социално-икономическа (Запис номер 106337)

MARC детайли
000 -Лидер
Контролно поле с фиксирана дължина 01699nam a2200373 c 4500
003 - Код на организацията, давaща контролен номер
Контролно поле BLK
005 - Дата и час на последна редакция
Контролно поле 20250127092744.0
008 - Елементи от данни с фиксирана дължина
fixed length control field 180409b bul|||||r ||||||| ||bul||
010 ## - Наследен системен номер
LC control number KNG00111595000
020 ## - Международен стандартен номер на книга ISBN
Международен стандартен номер на книга ISBN 954-18-0134-Х
-- издат.: Булвест 2000
040 ## - Източник на каталожния запис
Идентификатор на билиотеката - собственик на записа BLK
041 ## - Код за език
Код за езика на текст/звукозапис или на отделно заглавие Български
Код за езика КДБФ Български
080 ## - УДК
Текстов определител УДК География на България
УДК код - определител по УДК 913(497.2)
УДК определител (075.4)
УДК - код + определител 913(497.2)(075.4)
100 1# - Редна дума - Автор
Автор Пенин, Румен Любенов
Авторска отговорност първи автор
R(LIN) 365082
139 ## - Редно поле
Редна дума Пенин, Румен Любенов и др.
Авторски знак Пен - П 34
245 10 - Сведения за заглавието
Заглавие География на България - природна и социално-икономическа
Подзаглавни данни За кандидат-студенти, ученици, учители и студенти
Редно поле (дума) Румен Любенов Пенин; съавт. Тони Драганов Трайков; съавт. Мариана Султанова.
250 ## - Област на изданието
Сведения за изданието 3. прераб. и актуализирано изд.
257 ## - Страна на издаване
Страна на създаване/издаване България
260 ## - Област на издателските данни
-- София
Име на издателя, разпространителя и проч. Булвест 2000
Година на издаване 2004
Печатница София : Инвестпрес
300 ## - Физическа характеристика
Страници 374 с.
Илюстрации и др. с табл., сх.
Размери/Мащаб 25 см
380 ## - Жанр
Жанр Естествени науки. Математика
650 #7 - Допълнително описание по предмет – тема
Основно описание – тема или топоним България - география
Източник на редна или ключова дума
9 (RLIN) 149509
653 ## - Ключова дума – ненормативна
Ключова дума България
653 ## - Ключова дума – ненормативна
Ключова дума география
653 ## - Ключова дума – ненормативна
Ключова дума кандидат-студенти
700 1# - Други автори (авторска отговорност)
Лично име Трайков, Тони Драганов
Автороска отговорност (Описва отношението между автора и произведението) съавт.
9 (RLIN) 253517
700 1# - Други автори (авторска отговорност)
Лично име Султанова, Мариана
Автороска отговорност (Описва отношението между автора и произведението) съавт.
9 (RLIN) 365284
852 ## - Местоположение
Форматна сигнатура Цб 218468
856 4# - Електронен адрес и достъп
Електронен формат pdf - файл
Път до файла /url/
856 4# - Електронен адрес и достъп
Електронен формат pdf - файл
Път до файла /url/
942 ## - АРТИКУЛИ
Вид на библиотечния материал Книги
Скрит в OPAC Не
944 ## - СЪЗДАВАНЕ И РЕДАКЦИЯ на ЗАПИСА
Създаване/Редакция Създаване
Дата на регистрацията/редакция 09.03.2004
Статус, дата на статуса Геновева Генчева
Служител, извършил регистрацията/редакцията 30560
944 ## - СЪЗДАВАНЕ И РЕДАКЦИЯ на ЗАПИСА
Създаване/Редакция Редакция
Дата на регистрацията/редакция 15.01.2009
Статус, дата на статуса ф /
Служител, извършил регистрацията/редакцията
999 ## - СИСТЕМНИ КОНТРОЛНИ НОМЕРА
Koha biblionumber 106337
Koha biblioitemnumber 106337
Наличности
Код за отписване Код за изгубен артикул Източник на класификационната схема Код за повреда Коз за рестрикции Код за отдаване Артикулен № Име на библиотеката - собственик Име на библиотеката, в която се намира в момента Статус (Текущо местоположение) Дата на вписване в системата Местоположение - отдел Цена в лева Инвентарен номер Систематично азбучна сигнатура Баркод Номер на екземпляра Цена в евро Служебна бележка Служебен тип на артикула
Изтеглен Не е изгубен Universal Decimal Classification Не е повреден без рестрикции заемане за дома 171549 Регионална библиотека "Любен Каравелов" Русе Регионална библиотека "Любен Каравелов" Русе Заемна - подръчен фонд 2004-03-09 Заемна - подръчен фонд 11.00 120000683411 П 914.972/П 34 120000683411 1 5.62 Дост: Pk Вид: Ф N: 8865 Дата: 05.03.2004 Книги
  Не е изгубен   Не е повреден без рестрикции ползва се в читалня 171550 Регионална библиотека "Любен Каравелов" Русе Регионална библиотека "Любен Каравелов" Русе Хранилище 2004-03-09 Основен фонд - ползва се само за читалня 11.00 120000683412 Цб 218468 120000683412 2 5.62 Дост: Pk Вид: Ф N: 8865 Дата: 05.03.2004 Книги
Vip Innovations Ltd, Rousse, Bulgaria 2025